Ovládanie automatických brán a závor v areáli s využitím mikrokontroléra

Na minha lista:
Detalhes bibliográficos
Autor principal: Toman, Juraj (Author)
Outros Autores: Gašpar, Gabriel (Thesis advisor)
Formato: Manuscrito Livro
Idioma:eslovaco
Publicado em: 2022
Assuntos:
Acesso em linha:http://is.stuba.sk/zp/portal_zp.pl?podrobnosti=164172
Tags: Adicionar Tag
Sem tags, seja o primeiro a adicionar uma tag!

MARC

LEADER 00000ntm a22000003a 4500
001 stuzp87367
003 SK-STU
005 20220611211007.6
007 ta
008 150427s2015----xo-----f-mn---000-0-slo-d
040 |a STU  |b slo 
041 0 |a slo 
100 1 |a Toman, Juraj  |u 066000  |k Z4  |4 aut  |U MTF Materiálovotechnologická fakulta  |T MTF Ústav aplikovanej informatiky, automatizácie a mechatroniky  |X 91752  |U M6000  |Y 86  |7 91752 
242 0 1 |a Control of automatic gates and ramps in the area using a microcontroller  |y eng 
245 1 0 |a Ovládanie automatických brán a závor v areáli s využitím mikrokontroléra 
260 |c 2022 
650 4 |a mikrokontrolér  |2 slo 
650 4 |a MQTT  |2 slo 
650 4 |a Node-RED  |2 slo 
650 4 |a MicroPython  |2 slo 
650 4 |a microcontroller  |2 eng 
650 4 |a MQTT  |2 eng 
650 4 |a Node-RED  |2 eng 
650 4 |a MicroPython  |2 eng 
700 1 |a Gašpar, Gabriel  |u 066000  |k Z8  |4 ths  |U MTF Materiálovotechnologická fakulta  |T MTF Ústav aplikovanej informatiky, automatizácie a mechatroniky  |X 44945  |U M6000  |Y 86  |7 A000044945 
856 4 |u http://is.stuba.sk/zp/portal_zp.pl?podrobnosti=164172 
996 |c M* DP-15050  |l MMSKP  |s P  |a 0  |w stuzp87367_0001